000 00456pab a2200169 454500
008 180718b2006 xxu||||| |||| 00| 0 eng d
100 _aChoudhry, Shazia
245 _aDomestic violence and the human rights act 1998: a new means of legal intervention?
260 _c2006
300 _ap.752-84.
362 _aWinter
650 _aHuman rights
650 _aDomestic violence
700 _aHerring, Jonathan
773 _aPublic Law
909 _a72751
999 _c72751
_d72751